Polscy pisarze według dat i miejsc urodzenia i śmierci - Statystyki

Ogólne statystyki
  • Ten quiz został rozwiązany 18 razy
  • Średni wynik to 6 z 16
Statystyki odpowiedzi
Data i miejsce urodzenia Data i miejsce śmierci Pisarz % Poprawnych
1798, Nowogródek 1855, Stambuł Adam Mickiewicz
100%
1809, Krzemieniec 1849, Paryż Juliusz Słowacki
63%
1864, Strawczyn k. Kielc 1925, Warszawa Stefan Żeromski
63%
1923, Kórnik 2012, Kraków Wisława Szymborska
56%
1911, Szetejnie k. Kowna 2004, Kraków Czesław Miłosz
50%
1846, Wola Okrzejska k. Łukowa 1916, Vevey Henryk Sienkiewicz
50%
1867, Kobiele Wielkie k. Radomska 1925, Warszawa Władysław Reymont
50%
1847, Hrubieszów 1912, Warszawa Bolesław Prus
44%
1842, Suwałki 1910, Lwów Maria Konopnicka
38%
1946, Poznań 2014, Newtonville k. Bostonu Stanisław Barańczak
31%
1921, Lwów 2006, Kraków Stanisław Lem
25%
1812, Paryż 1859, Paryż Zygmunt Krasiński
25%
1921, Radomsko 2014, Wrocław Tadeusz Różewicz
19%
1878, Lwów 1957, Skarżysko-Kamienna Leopold Staff
13%
1889, Russów k. Kalisza 1965, Warszawa Maria Dąbrowska
13%
1925, Kielce 2013, Warszawa Edmund Niziurski
0%
Nie znaleziono quizów pasujących do podanych kryteriów
Rozkład punktacji
Procent ludzi z każdym wynikiem
Percentyl według liczby udzielonych odpowiedzi
Twoja historia wyników
Nie rozwiązałeś tego quizu